书目信息 |
| 题名: |
项目管理职位工作手册
|
|
| 作者: | 章银武 编著 | |
| 分册: | ||
| 出版信息: | 北京 人民邮电出版社 2005.06 |
|
| 页数: | 263页 | |
| 开本: | 26cm | |
| 丛书名: | 弗布克管理咨询系列 | |
| 单 册: | ||
| 中图分类: | F270-62 | |
| 科图分类: | ||
| 主题词: | 企业管理--项目管理--手册 | |
| 电子资源: | ||
| ISBN: | 7-115-13431-6 | |
| 000 | 00847nam2 2200241 450 | |
| 001 | 010251818151 | |
| 005 | 20050820152552.01 | |
| 010 | @a7-115-13431-6@dCNY35.00 | |
| 100 | @a20050627d2005 km y0chiy0120 ea | |
| 101 | 0 | @achi |
| 102 | @aCN@b110000 | |
| 105 | @aa z 000yy | |
| 200 | 1 | @a项目管理职位工作手册@Axiang mu guan li zhi wei gong zuo shou ce@f章银武编著@Fzhang yin wu bian zhu |
| 210 | @a北京@c人民邮电出版社@d2005.06 | |
| 215 | @a263页@c图@d26cm | |
| 225 | 2 | @a弗布克管理咨询系列 |
| 330 | @a本书旨在解决企业管理执行和工作细节问题。内容包括项目组织管理、规划管理、办公室管理、成本管理、质量管理、物流管理、风险管理等。 | |
| 410 | 0 | @12001 @a弗布克管理咨询系列 |
| 606 | 0 | @a企业管理@x项目管理@j手册 |
| 690 | @aF270-62@v4 | |
| 701 | 0 | @a章银武@Azhang yin wu@4编著 |
| 801 | 0 | @aCN@bQSSK@c20050820 |
| 905 | @a10447@dF270-62@eZ271 | |
| 项目管理职位工作手册/章银武编著.-北京:人民邮电出版社,2005.06 |
| 263页:图;26cm.-(弗布克管理咨询系列) |
| ISBN 7-115-13431-6:CNY35.00 |
| 本书旨在解决企业管理执行和工作细节问题。内容包括项目组织管理、规划管理、办公室管理、成本管理、质量管理、物流管理、风险管理等。 |
| ● |
| 相关链接 |
|
|
|
正题名:项目管理职位工作手册
索取号:F270-62/Z271
 
预约/预借
| 序号 | 登录号 | 条形码 | 馆藏地/架位号 | 状态 | 备注 |
| 1 | 562233 | 205622334 | 社科库409/409社科库 86排2列4层/ [索取号:F270-62/Z271] | 在馆 | |
| 2 | 562234 | 205622343 | 社科库409/409社科库 86排2列4层/ [索取号:F270-62/Z271] | 在馆 | |
| 3 | 562235 | 205622352 | 社科库409/409社科库 86排2列4层/ [索取号:F270-62/Z271] | 在馆 |